| 000 | 00394nam a2200145Ia 4500 | ||
|---|---|---|---|
| 008 | 220530s9999 xx 000 0 und d | ||
| 041 | _aeng | ||
| 082 |
_a621.3743 _bOLI |
||
| 100 |
_aOliver Bernard _955684 |
||
| 245 | _aElectronic Measurements and Instrumentation | ||
| 260 |
_aNew Delhi _bTata McGraw Hill _c2010 |
||
| 300 |
_a729 P _bPB |
||
| 700 |
_a Cage John _955685 |
||
| 906 |
_a130.95 _bETC |
||
| 999 |
_c50652 _d50652 |
||